Statistics for Guilty Conscience Lyrics Quiz

Click here to take the quiz!

General Stats

  • This quiz has been taken 9 times
  • The average score is 9 of 13

Answer Stats

Answer% Correct
Alright Shady, maybe he's right, Grady, but think about {the baby} before you get all crazy
83%
But if it all goes through like it's supposed to, the whole neighborhood knows you and {they'll expose you}
83%
I'ma kill you, motherfucker. Uh-uh {temper temper}
83%
Meet {Grady}, a 29-year-old construction worker
83%
Meet {Stan}, 21 years old
83%
Now all you gotta do is nibble on this little bitch's earlobe, yo this girl's only {fifteen} years old
83%
Alright, calm down, relax, start breathin'. Fuck that shit, you just {caught this bitch cheatin'}
67%
Fuck slittin' her throat, {cut this bitch's head off}
67%
he decides to {rob a liquor store}
67%
Meet {Eddie}, 23 years old, fed up with life and the way things are going
67%
You better think of the consequence, (Who are you?), I'm your {motherfuckin' conscience}
67%
You gonna take advice from somebody who slapped {Dee Barnes}?
50%
Been there, done that, aw fuck it, what am I sayin'? {Shoot 'em both Grady, where's your gun at}
33%

Score Distribution

Percentile by Number Answered

Percent of People with Each Score

Your Score History

You have not taken this quiz